عرض عادي
عرض مارك
- Pencheon, David.
مدخل إسم شخص
001 - رقم الضبط
- حقل الضبط: 5533
003 - معرف رقم الضبط
- حقل الضبط: OSt
005 - تاريخ ووقت أخر عملية
- حقل الضبط: 20111025090836.0
008 - عناصر بيانات ثابتة الطول
- حقل تحكم ثابت الطول: 111025|||a|||||| | ||| d
040 ## - مصدر الفهرسة
- هيئة الفهرسة الأصلية: OSt
- وكالة الكتابة: OSt
100 ## - مدخل -- أسم شخص
- إسم شخص: Pencheon, David.
670 ## - بيانات المصدر موجوده
- الاستشهاد بالمصدر: Work cat.: (OSt)744: Oxford handbook of public health practice /, 2001.
